| 000 | 01036nas a2200313 4500 | ||
|---|---|---|---|
| 001 | BR2020000780 | ||
| 003 | BR-BrBNA | ||
| 005 | 20231205132107.0 | ||
| 007 | ta | ||
| 008 | 230509b bl.|||p| |||| 00| 00por d | ||
| 040 |
_aBR-BrBNA _bpor _cBiblioteca Nacional de Agricultura |
||
| 041 | _a(Pt) | ||
| 072 | _aF04 | ||
| 100 | 1 | _aAraújo, L.H.B. de | |
| 100 | 1 | _aChagas, K.P.T. das | |
| 100 | 1 | _aNóbrega, C.C. da | |
| 100 | 1 | _aAraújo, F. dos S. | |
| 100 | 1 | _aVieira, F. de A. | |
| 245 | 1 | _aEfeito do esterco na emergência e crescimento inicial de plântulas de Sterculia foetida L. | |
| 650 | _aADUBAÇÃO | ||
| 650 | _aBIOMETRIA | ||
| 650 | _aPRODUÇÃO | ||
| 650 | _aPLÂNTULA | ||
| 773 | 0 |
_tNativa. Pesquisas Agrárias e Ambientais (Brazil) _xISSN 2318-7670 _g(Jan-Mar 2015), v. 3(1) p. 22-26 _wBR2020000780 |
|
| 856 | 4 | 0 | _uhttps://periodicoscientificos.ufmt.br/ojs/index.php/nativa/article/view/1901 |
| 856 | 4 | 0 | _dLink DSPACE/MAPA BR2020000780 |
| 909 |
_a202311 _bLúcia _c55 _dLúcia Elande |
||
| 942 |
_2AGRIS _n0 _cANA |
||
| 999 |
_c258424 _d258424 |
||